Národný slovenský spolok časopis odborov Národného Slovenského Spolku na Slovensku

Bibliographic Details
Other Authors: Pažický, Daniel, 1881-1941 (Printer)
Format: Journal
Language:Slovak
PhysicalDescription:15 zv. 31 x 24 cm
Published: Brezová pod Bradlom Národný slovenský spolok na Slovensku 1928-1942
Brezová pod Bradlom Hlavný odbor Národného slovenského spolku
Subjects:

MARC

LEADER 00000cas a2200000 a 4500
001 vtls010300249
003 SK-MaSNL
005 20260228163012.0
008 110810d19281942xo qr|p r 0 b0slo
015 |a SNBDS17XX9999 
015 |a 0331  |2 Kipsová 1919-38 
015 |a 0307  |2 Fedor 1939-44 
038 |a SNKBUDS 
040 |a SNK  |b slo  |c SNK  |e AACR2 
041 0 |a slo 
044 |a xo  |c SK 
245 0 0 |a Národný slovenský spolok  |b časopis odborov Národného Slovenského Spolku na Slovensku 
260 |a Brezová pod Bradlom  |b Národný slovenský spolok na Slovensku  |c 1928-1942 
260 3 |3 1936-1942  |a Brezová pod Bradlom  |b Hlavný odbor Národného slovenského spolku 
300 |a 15 zv.  |c 31 x 24 cm 
310 |a 4x ročne 
362 0 |a Roč. I, č. 1 (máj 1928)-roč. XV, č. 1 (1942) 
500 |a Zmena podnázvu: od 2/VIII (dec. 1935) Časopis Národného slovenského spolku na Slovensku 
500 |a Vych. v Brezovej pod Bradlom [štvrťročne] vo formáte 31 x 24 cm ; od 1/VI (marec 1933) 32 x 24 cm ; do 1942 vo formáte 25 x 17 cm 
500 |a Red. Július Bodnár ; od 1/VIII (marec 1936) Ján Kubačka 
500 |a Vyd. [Národný slovenský spolok na Slovensku]; od 1/IX (marec 1936) Hlavný odbor Národného slovenského spolku na Brezovej pod Bradlom 
500 |a Tlač. Kníhtlačiareň Daniela Pažického na Myjave 
500 |a Vychádzal pravdepodobne od mája 1928. Vyhl. NÚZ 562 Úr. nov. z 29. 12. 1942 časopis mal zakázané používať papier a tlačiarenské práce 
610 2 7 |a Národný slovenský spolok na Slovensku (Brezová pod Bradlom, Slovensko)  |2 SNKBUDS  |9 272738 
655 7 |a časopisy  |2 SNKPH  |9 76610 
700 1 |a Bodnár, Július,  |d 1870-1935  |4 red  |9 86006 
700 1 |a Kubačka, Ján  |4 red  |9 272739 
700 1 |a Pažický, Daniel,  |d 1881-1941  |4 prt  |9 174852 
710 2 |a Národný slovenský spolok na Slovensku (Brezová pod Bradlom, Slovensko)  |4 pbl  |9 272738 
852 |a UKB  |b 300000  |h SC 534 
852 |a PANKP  |b 5000000  |h 54 C 2665 
852 |a PANKP  |b 5000000  |h II 5375 
852 |a SNK  |b 10000  |h snkČSB 2695 
910 |a snk 
999 |c 8702  |d 10632 
952 |0 0  |1 0  |4 0  |7 0  |a SNK  |b SNK  |d 2003-07-21  |l 0  |o snkČSB 2695/7/1934  |p 17A0390580  |r 2005-01-02 00:00:00  |t č. 1-2  |w 2026-02-21  |y PREZ 
952 |0 0  |1 0  |4 0  |7 0  |a SNK  |b SNK  |d 2003-07-21  |l 0  |o snkČSB 2695/8/1935  |p 17A0390545  |r 2005-01-02 00:00:00  |t č. 1-2  |w 2026-02-21  |y PREZ 
952 |0 0  |1 0  |4 0  |7 0  |a SNK  |b SNK  |d 2003-07-21  |l 0  |o snkČSB 2695/8/1936  |p 17A0390581  |r 2005-01-02 00:00:00  |t č. 1-4  |w 2026-02-21  |y PREZ 
952 |0 0  |1 0  |4 0  |7 0  |a SNK  |b SNK  |d 2003-07-21  |l 0  |o snkČSB 2695/10/1937  |p 17A0390505  |r 2005-01-02 00:00:00  |t č. 1-4  |w 2026-02-21  |y PREZ